| 000 | 01061nmm a2200313 a 4500 | ||
|---|---|---|---|
| 001 | ocm0001520842 | ||
| 003 | TR-IsHL | ||
| 005 | 20201028163233.0 | ||
| 008 | 170206s2015 tu tur | ||
| 007 | cr cn | ||
| 020 | _a9786051626444 | ||
| 035 |
_a1520842 _b(N$T) |
||
| 050 | 0 | 4 |
_aBP166 _b.S49 2015 |
| 090 | 0 | 4 |
_aBP166 _b.S49 2015 |
| 100 | 1 | _aSeyyar, Ali | |
| 245 | 1 | 0 |
_aGünümüze ışık tutan Peygamber ve sahabe rüyaları _h[electronic resource] / _cAli Seyyar ; Hidayet Aydar ; editör Mehmet Beydemir |
| 260 |
_aİstanbul : _bNesil Yayıncılık, _c2015 |
||
| 300 | _a217 p. | ||
| 650 | 4 | _aFelsefe, Psikoloji ve Din | |
| 650 | 4 | _aPhilosophy, Psychology and Religion | |
| 650 | 0 |
_aPeygamberler _x Rüyalar |
|
| 650 | 0 |
_aProphets _x Dreams |
|
| 650 | 0 |
_aSahabeler _x Rüyalar |
|
| 650 | 0 |
_aCompanions _x Dreams |
|
| 650 | 7 |
_aRELIGION / Islam / General _2bisacsh |
|
| 700 | 1 | _aAydar, Hidayet | |
| 700 | 1 | _aBeydemir, Mehmet | |
| 856 | 4 | 0 | _uhttp://search.ebscohost.com/login.aspx?direct=true&scope=site&db=e011xww&AN=1520842 |
| 999 |
_c15229 _d15229 |
||